Từ chức và văn hóa từ chức ở một số quốc gia Đông Nam Á và những giá trị tham khảo cho Việt Nam /

Đã lưu trong:
Sonraí Bibleagrafaíochta
Príomhúdar: Phạm Thị Hoa.
Formáid: Bài viết
Teanga:Vietnamese
Ábhair:
Clibeanna: Cuir Clib Leis
Gan Chlibeanna, Bí ar an gcéad duine leis an taifead seo a chlibeáil!
Thư viện lưu trữ: Thư viện Trường Đại học Đà Lạt
LEADER 00869nam a2200277 4500
001 DLU170178608
005 ##20170106
040 # # |a DLU  |b vie 
041 # # |a vie 
044 # # |a vn 
100 # # |a Phạm Thị Hoa. 
245 # # |a Từ chức và văn hóa từ chức ở một số quốc gia Đông Nam Á và những giá trị tham khảo cho Việt Nam /  |c Phạm Thị Hoa. 
653 # # |a Hàn Quốc 
653 # # |a Nhật Bản 
653 # # |a Trung Quốc 
653 # # |a Văn hóa từ chức 
773 # # |t Tạp chí Nghiên cứu Đông Bắc Á  |g Số 3(181), 2016, tr.21-30 
920 # # |a Phòng Tạp chí -- Trung tâm Thông tin - Thư viện Trường Đại học Đà Lạt 
994 # # |a DLU 
900 # # |a True 
911 # # |a Trần Thị Minh Hương 
925 # # |a G 
926 # # |a A 
927 # # |a BB 
980 # # |a Thư viện Trường Đại học Đà Lạt